Our Flying guests (Record no. 2351)

MARC details
000 -LEADER
fixed length control field 00285nam a2200133Ia 4500
008 - FIXED-LENGTH DATA ELEMENTS--GENERAL INFORMATION
fixed length control field 230503s9999 xx 000 0 und d
082 ## - DEWEY DECIMAL CLASSIFICATION NUMBER
Classification number 598
Item number NPCO
100 ## - MAIN ENTRY--PERSONAL NAME
Personal name NPCIL
245 #0 - TITLE STATEMENT
Title Our Flying guests
260 ## - PUBLICATION, DISTRIBUTION, ETC.
Place of publication, distribution, etc. Mumbai
Name of publisher, distributor, etc. NPCIL
Date of publication, distribution, etc. 2010
300 ## - PHYSICAL DESCRIPTION
Extent 235
650 ## - SUBJECT ADDED ENTRY--TOPICAL TERM
Topical term or geographic name entry element birds
942 ## - ADDED ENTRY ELEMENTS (KOHA)
Koha item type Book
Holdings
Withdrawn status Lost status Damaged status Not for loan Collection code Home library Current library Shelving location Date acquired Full call number Barcode Date last seen Price effective from Koha item type
        Non-fiction RIC Library RIC Library General Stacks 05/03/2023 598 NPCO 001751 05/03/2023 05/03/2023 Book

Venue

Rajasthan International Centre
Sansthan Path,JLN Marg, Jaipur- 302017
Phone: +91-7230904025